LaGuardia Airport Destinations (New York, NY, USA) - Statistics

General Stats
  • This quiz has been taken 192 times
    26 since last reset
  • The average score is 64 of 88
Answer Stats
Airline Destination % Correct
American Eagle/Delta Air Lines/Frontier Airlines Atlanta
96%
American Airlines/Delta Connection/Frontier Airlines/Spirit Airlines Charlotte
96%
American Eagle/Delta Air Lines/Spirit Airlines Detroit
96%
American Airlines/Delta Air Lines/Frontier Airlines/Spirit Airlines Miami
96%
BermudAir Bermuda
91%
American Eagle/Delta Air Lines/Delta Connection Boston
91%
American Eagle/Delta Air Lines/Delta Connection Charleston (SC)
91%
American Eagle/Delta Connection/Frontier Airlines Cleveland
91%
Delta Air Lines/Frontier Airlines/Southwest Airlines/United Airlines Denver
91%
American Eagle/Delta Connection Indianapolis
91%
Delta Air Lines/Southwest Airlines Kansas City
91%
Delta Air Lines Minneapolis/St. Paul
91%
American Airlines/Delta Air Lines/Southwest Airlines New Orleans
91%
American Eagle/Delta Connection Pittsburgh
91%
Air Canada Express Toronto (Billy Bishop)
91%
Air Canada/Air Canada Express/American Eagle/Delta Connection/Porter Airlines Toronto (Pearson)
91%
Southwest Airlines Chicago (Midway)
87%
American Airlines/Delta Air Lines/Spirit Airlines/United Airlines/United Express Chicago (O'Hare)
87%
American Eagle/Delta Connection/Spirit Airlines Columbus (Glenn)
87%
American Airlines/Delta Air Lines/Frontier Airlines/Spirit Airlines Dallas/Fort Worth
87%
Southwest Airlines Dallas (Love)
87%
Air Canada/Air Canada Express/American Eagle/Delta Connection Montréal (Trudeau)
87%
American Airlines/Delta Air Lines/Frontier Airlines/JetBlue/Southwest Airlines/Spirit Airlines Orlando
87%
American Airlines/American Eagle/Delta Air Lines/Delta Connection/Frontier Airlines Raleigh/Durham
87%
American Airlines/Delta Air Lines Tampa
87%
United Express Washington (Dulles)
87%
American Airlines/American Eagle/Delta Air Lines/Delta Connection Washington (National)
87%
American Eagle/Delta Connection Buffalo
83%
Delta Connection Cincinnati
83%
American Airlines/Delta Air Lines/JetBlue/Spirit Airlines Fort Lauderdale
83%
Southwest Airlines Houston (Hobby)
83%
Delta Air Lines/Spirit Airlines/United Airlines/United Express Houston (Intercontinental)
83%
American Eagle/Delta Connection Jacksonville (FL)
83%
American Eagle/Delta Connection Key West
83%
Delta Connection Louisville
83%
American Eagle/Delta Air Lines/Delta Connection/Southwest Airlines Nashville
83%
Delta Connection Birmingham (AL)
78%
American Eagle/Delta Connection Burlington (VT)
78%
American Eagle/Delta Connection Memphis
78%
Delta Connection Milwaukee
78%
Delta Air Lines Nassau
78%
American Eagle/Delta Connection Portland (ME)
78%
American Eagle/Delta Connection Richmond
78%
American Eagle/Delta Connection Savannah
78%
American Eagle/Delta Connection/Southwest Airlines St. Louis
78%
Delta Connection Albany
74%
American Eagle/Delta Connection Columbia (SC)
74%
American Eagle/Delta Connection Des Moines
74%
American Eagle/Delta Connection Greensboro
74%
American Eagle/Delta Connection Greenville/Spartanburg
74%
American Eagle/Delta Connection Halifax
74%
Delta Connection/Southwest Airlines Omaha
74%
Delta Connection Syracuse
74%
American Airlines/Delta Air Lines/JetBlue West Palm Beach
74%
American Airlines/Delta Air Lines Fort Myers
70%
American Eagle/Delta Connection Little Rock
70%
American Eagle/Delta Connection/Spirit Airlines Myrtle Beach
70%
American Eagle/Delta Connection/Spirit Airlines Norfolk
70%
Delta Connection Rochester (NY)
70%
American Eagle/Delta Connection Asheville
65%
American Eagle/Delta Connection Grand Rapids
65%
Delta Connection Knoxville
65%
American Eagle/Delta Connection Oklahoma City
65%
American Eagle/Delta Connection Tulsa
65%
American Eagle/Delta Connection Bangor
61%
Delta Connection Lexington
61%
American Eagle/Delta Connection Madison
61%
American Eagle/Delta Connection Martha's Vineyard
61%
American Eagle/Delta Connection/JetBlue Nantucket
61%
Delta Air Lines Salt Lake City
61%
Delta Air Lines Sarasota
61%
Delta Connection Chattanooga
57%
American Airlines Calgary
52%
American Eagle/Delta Connection Charlottesville (VA)
52%
American Eagle/Delta Connection Fayetteville/Bentonville
52%
Delta Connection Hilton Head
52%
American Eagle/Delta Connection Pensacola
52%
American Eagle/Delta Connection Roanoke
52%
Frontier Airlines San Juan
52%
American Eagle/Delta Connection Wilmington (NC)
52%
Delta Connection Huntsville
48%
American Eagle Hyannis
48%
Delta Connection Panama City (FL)
48%
American Airlines Aruba
43%
American Eagle/Delta Connection Traverse City
39%
Delta Connection Worcester
35%
American Airlines/Delta Air Lines Bozeman
30%
American Airlines Glacier Park/Kalispell
22%
No matching quizzes found
Score Distribution
Percent of People with Each Score
Percentile by Number Answered
Your Score History
You have not taken this quiz since the last reset